| 000 | 00580nam a2200205Ia 4500 | ||
|---|---|---|---|
| 999 |
_c4463 _d4463 |
||
| 003 | OSt | ||
| 005 | 20200622201718.0 | ||
| 008 | 191128s2017 mx a gr 000 j spa d | ||
| 040 |
_aCO-JMCR _cCO-JMCR |
||
| 041 | _aspa | ||
| 082 |
_aH / _bZUBu |
||
| 100 | 1 |
_aZub, Jim, _eautor _95947 |
|
| 245 | 1 | 0 |
_aUltimate spider-man : _b12 / _cJim Zub |
| 250 | _aPrimera edición | ||
| 260 |
_aMéxico : _bPanini, _c2017 |
||
| 300 |
_a32 páginas : _bilustraciones a color ; _c 28 cm. |
||
| 500 | _aRecomendado para mayores de 7 años. | ||
| 650 | 1 | 4 |
_aTiras cómicas _95616 |
| 942 |
_2ddc _cBK |
||